[Event "IRQ-ch"]
[Site "Sulaymaniyah"]
[Date "2023.10.28"]
[Round "5"]
[White "Al Ali, Hussein Ali Hussein"]
[Black "Abdulwahhab, Ahmed Abdulsattar"]
[Result "1-0"]
[WhiteElo "2192"]
[BlackElo "2132"]
[PlyCount "48"]
[EventDate "2023.10.25"]
[EventType "tourn"]
[EventRounds "11"]
[EventCountry "IRQ"]
[SourceTitle "Mega2024 Update 01"]
[Source "Chessbase"]
[SourceDate "2023.11.12"]
[SourceVersion "1"]
[SourceVersionDate "2023.11.12"]
[SourceQuality "1"]

1. e4 c5 2. Nf3 e6 3. d4 cxd4 4. Nxd4 a6 5. Bd3 Nc6 6. Nxc6 dxc6 7. 0-0 e5 8. Nd2 Qc7 9. a4 Nf6 10. Nc4 Bc5 11. Be3 Bxe3 12. Nxe3 Be6 13. Qe2 0-0 14. a5 Rad8 15. Bc4 Bc8 16. f3 Qe7 17. c3 Nh5 18. g3 Qg5 19. Rfd1 Nf4 20. Qe1 Ng6 21. Ng2 Bh3 22. Qe3 Qe7 23. Ne1 h5 24. Bb3 h4 1-0

[Event "Olympiad-44"]
[Site "Chennai"]
[Date "2022.08.03"]
[Round "6.1"]
[White "Abdulwahhab, Ahmed Abdulsattar"]
[Black "Tin, Jingyao"]
[Result "0-1"]
[WhiteElo "2251"]
[BlackElo "2552"]
[PlyCount "120"]
[EventDate "2022.07.29"]
[EventType "team-swiss"]
[EventRounds "11"]
[EventCountry "IND"]
[SourceTitle "CBM 210"]
[Source "ChessBase"]
[SourceDate "2022.10.31"]
[SourceVersion "1"]
[SourceVersionDate "2022.10.31"]
[SourceQuality "1"]
[WhiteTeam "Iraq"]
[BlackTeam "Singapore"]
[WhiteTeamCountry "IRQ"]
[BlackTeamCountry "SIN"]

1. e4 e5 2. Nf3 Nc6 3. Bb5 a6 4. Ba4 Nf6 5. 0-0 b5 6. Bb3 Bc5 7. a4 Rb8 8. c3 d6 9. d4 Bb6 10. axb5 axb5 11. Na3 Ba6 12. Re1 0-0 13. Bg5 h6 14. Bh4 Re8 15. Bd5 Na7 16. Nc2 Bc8 17. dxe5 dxe5 18. Nxe5 Be6 19. Nc6 Nxc6 20. Bxc6 Qxd1 21. Raxd1 Red8 22. Nd4 g5 23. Nxe6 fxe6 24. Bg3 Kf7 25. b4 Nh5 26. Be5 Nf4 27. Bxb5 Ng6 28. Bg3 h5 29. h3 h4 30. Bh2 Nf4 31. Bxf4 gxf4 32. Kf1 c5 33. Bc6 cxb4 34. cxb4 Rbc8 35. b5 Kf6 36. e5+ Kf5 37. Be4+ Kg5 38. Rd6 Rxd6 39. exd6 Rc5 40. Bc6 Kf6 41. Rd1 Rc2 42. d7 Bd8 43. Rd4 e5 44. Rd6+ Kf7 45. Rh6 Rd2 46. Rh8 Bb6 47. Ke1 Rd4 48. Rxh4 Ba5+ 49. Ke2 f3+ 50. Bxf3 Rxh4 51. Bg4 Rh8 52. Kd3 Ke7 53. Ke4 Bc7 54. Kd5 Rh6 55. g3 Rb6 56. Kc5 Rd6 57. f3 Bb6+ 58. Kc4 Bf2 59. f4 e4 60. Bf5 e3 0-1

[Event "Olympiad-44"]
[Site "Chennai"]
[Date "2022.07.30"]
[Round "2.1"]
[White "Kadric, Denis"]
[Black "Abdulwahhab, Ahmed Abdulsattar"]
[Result "0-1"]
[WhiteElo "2554"]
[BlackElo "2251"]
[PlyCount "86"]
[EventDate "2022.07.29"]
[EventType "team-swiss"]
[EventRounds "11"]
[EventCountry "IND"]
[SourceTitle "CBM 210"]
[Source "ChessBase"]
[SourceDate "2022.10.31"]
[SourceVersion "1"]
[SourceVersionDate "2022.10.31"]
[SourceQuality "1"]
[WhiteTeam "Montenegro"]
[BlackTeam "Iraq"]
[WhiteTeamCountry "MNE"]
[BlackTeamCountry "IRQ"]

1. e4 c5 2. Nf3 Nc6 3. d4 cxd4 4. Nxd4 Qc7 5. Nc3 e6 6. Be3 a6 7. Qd2 Nf6 8. f3 Ne5 9. 0-0-0 Bb4 10. Nb3 b5 11. Qe1 Rb8 12. Qg3 Nh5 13. Qh4 g6 14. g4 Be7 15. Qf2 Nf6 16. Bd4 Nc6 17. Be3 d6 18. Kb1 Na5 19. Ba7 Rb7 20. Bd4 0-0 21. h4 Nc4 22. g5 Nh5 23. f4 b4 24. Na4 e5 25. fxe5 dxe5 26. Bc5 Nd6 27. Qe3 Nb5 28. Bb6 Qb8 29. Na5 Bg4 30. Nxb7 Bxd1 31. Nbc5 Nd4 32. Bd3 Bg4 33. Nxa6 Qb7 34. Nc7 Bd7 35. Ba6 Qc6 36. Nd5 Qxc2+ 37. Ka1 Bd6 38. Bxd4 Qxa4 39. Nb6 Qxa6 40. Nxd7 exd4 41. Qxd4 b3 42. a4 Ra8 43. e5 Qc6 0-1

[Event "IRQ-ch"]
[Site "Baghdad"]
[Date "2021.11.02"]
[Round "8"]
[White "Abdulwahhab, Ahmed Abdulsattar"]
[Black "Mohammed, Zozek Salah Mohamme"]
[Result "1/2-1/2"]
[WhiteElo "2208"]
[BlackElo "2247"]
[PlyCount "40"]
[EventDate "2021.10.28"]
[EventType "tourn"]
[EventRounds "9"]
[EventCountry "IRQ"]
[SourceTitle "EXT 2023"]
[Source "ChessBase"]
[SourceDate "2022.10.05"]
[SourceVersion "1"]
[SourceVersionDate "2022.10.05"]
[SourceQuality "1"]

1. e4 c5 2. Nf3 d6 3. d4 cxd4 4. Nxd4 Nf6 5. Nc3 Nc6 6. Bc4 e6 7. Be3 Bd7 8. Bb3 a6 9. 0-0 Be7 10. h3 b5 11. a3 0-0 12. Nxc6 Bxc6 13. f3 Qc7 14. Qe1 d5 15. exd5 Nxd5 16. Nxd5 Bxd5 17. Bxd5 exd5 18. Qd2 Bc5 19. Bxc5 Qxc5+ 20. Qf2 Rac8 1/2-1/2

[Event "IRQ-ch"]
[Site "Baghdad"]
[Date "2021.10.29"]
[Round "2"]
[White "Noah, AH Al Ali"]
[Black "Abdulwahhab, Ahmed Abdulsattar"]
[Result "0-1"]
[WhiteElo "2248"]
[BlackElo "2208"]
[PlyCount "78"]
[EventDate "2021.10.28"]
[EventType "tourn"]
[EventRounds "9"]
[EventCountry "IRQ"]
[SourceTitle "EXT 2023"]
[Source "ChessBase"]
[SourceDate "2022.10.05"]
[SourceVersion "1"]
[SourceVersionDate "2022.10.05"]
[SourceQuality "1"]

1. e3 e5 2. d4 exd4 3. exd4 d5 4. Bd3 Nf6 5. Ne2 Bd6 6. 0-0 0-0 7. f3 c6 8. Qe1 b6 9. g4 Ba6 10. g5 Bxd3 11. cxd3 Nh5 12. f4 Re8 13. Nbc3 c5 14. Qf2 Nc6 15. dxc5 Bxc5 16. d4 Bf8 17. Qf3 g6 18. Be3 Qd7 19. Rad1 Rad8 20. Ng3 Ng7 21. f5 Nxf5 22. Nxf5 Qxf5 23. Qxf5 gxf5 24. Rf3 Re6 25. Kf2 Ne7 26. Ne2 Rc6 27. Ng3 Rc2+ 28. Rd2 Rxd2+ 29. Bxd2 Bg7 30. Ke3 f6 31. Kd3 Kf7 32. gxf6 Bxf6 33. Nxf5 Nxf5 34. Rxf5 Kg6 35. Rf1 Re8 36. b4 Re4 37. Be3 b5 38. Rg1+ Kf7 39. Rc1 Rxe3+ 0-1

[Event "Online Olym Div3 C"]
[Site "Chess.com INT"]
[Date "2020.08.07"]
[Round "3.5"]
[White "Abdulwahhab, Ahmed Abdulsattar"]
[Black "Saraci, Nderim"]
[Result "0-1"]
[WhiteElo "2227"]
[BlackElo "2415"]
[PlyCount "134"]
[EventDate "2020.08.07"]
[EventType "team-tourn (rapid)"]
[EventRounds "9"]
[EventCountry "USA"]
[SourceTitle "CBM 198"]
[Source "ChessBase"]
[SourceDate "2020.10.31"]
[SourceVersion "1"]
[SourceVersionDate "2020.10.31"]
[SourceQuality "1"]
[WhiteTeam "Iraq"]
[BlackTeam "Kosovo"]
[WhiteTeamCountry "IRQ"]
[BlackTeamCountry "KOS"]

1. e4 g6 2. h4 h5 3. Nf3 Bg7 4. Bc4 d6 5. Ng5 e6 6. Bb3 Nc6 7. c3 Nf6 8. f3 d5 9. d4 dxe4 10. fxe4 0-0 11. 0-0 Ng4 12. e5 Na5 13. Bc2 c5 14. Qd3 cxd4 15. cxd4 Nc6 16. Nf3 Qb6 17. Kh1 Bd7 18. Nc3 Nb4 19. Qe2 Nxc2 20. Qxc2 Bc6 21. Bg5 Rac8 22. Qd2 Rc7 23. Rae1 Rd7 24. Qf4 Qxb2 25. Ne4 Bxe4 26. Rxe4 Nf2+ 27. Kg1 Nxe4 28. Qxe4 Rc8 29. Rf2 Qc3 30. Kh2 b5 31. Qf4 Rc4 32. Bh6 Rcxd4 33. Nxd4 Qxd4 34. Bxg7 Qxf4+ 35. Rxf4 Kxg7 36. a4 a6 37. axb5 axb5 38. Kg3 Rd5 39. Re4 Rc5 40. Re2 b4 41. Kf4 Rc4+ 42. Kg3 Rc3+ 43. Kf4 b3 44. Rb2 Rc2 45. Rxb3 Rxg2 46. Rh3 Rf2+ 47. Ke4 Rf5 48. Rd3 Kh6 49. Rd8 Rf1 50. Rd4 g5 51. hxg5+ Kxg5 52. Rd8 Re1+ 53. Kf3 Rxe5 54. Rg8+ Kh4 55. Rg7 Rf5+ 56. Ke4 Kh3 57. Rh7 h4 58. Rh8 Kg3 59. Rg8+ Kh2 60. Ke3 h3 61. Ke2 e5 62. Rg4 Rf4 63. Rg5 f6 64. Rg6 f5 65. Ke3 Rg4 66. Rf6 Kg1 67. Rxf5 h2 0-1

[Event "Asia zt 3.1"]
[Site "Amman"]
[Date "2019.06.26"]
[Round "9"]
[White "Abdulwahhab, Ahmed Abdulsattar"]
[Black "Ghaem Maghami, Ehsan"]
[Result "0-1"]
[WhiteElo "2255"]
[BlackElo "2531"]
[PlyCount "114"]
[EventDate "2019.06.19"]
[EventType "swiss"]
[EventRounds "9"]
[EventCountry "JOR"]
[SourceTitle "CBM 191 Extra"]
[Source "ChessBase"]
[SourceDate "2019.09.30"]
[SourceVersion "1"]
[SourceVersionDate "2019.09.30"]
[SourceQuality "1"]

1. e4 c5 2. Nf3 d6 3. d4 cxd4 4. Nxd4 Nf6 5. Nc3 a6 6. Bc4 e6 7. Bb3 b5 8. Bg5 Be7 9. Qf3 Qc7 10. 0-0-0 Nbd7 11. Rhe1 0-0 12. Qh3 Nc5 13. Qh4 b4 14. Na4 Nxb3+ 15. axb3 Bd7 16. f4 Rfe8 17. Rd3 Rac8 18. Rg3 Qd8 19. f5 e5 20. Nf3 Bxa4 21. bxa4 b3 22. c3 Rc4 23. Nd2 Rxa4 24. Nxb3 d5 25. Kc2 Rxe4 26. Rxe4 Nxe4 27. Bxe7 Qxe7 28. Qxe7 Rxe7 29. Rd3 Rd7 30. Rd1 g6 31. fxg6 hxg6 32. Ra1 Rd6 33. Ra5 f6 34. Nc1 d4 35. c4 Nf2 36. c5 d3+ 37. Nxd3 Rxd3 38. c6 Rd8 39. Rxa6 e4 40. c7 Rc8 41. Rc6 Nd3 42. Kc3 Kf7 43. b4 Ne5 44. Rc5 e3 45. Kd4 e2 46. Rc1 Ke6 47. Re1 Rxc7 48. Rxe2 Rc4+ 49. Ke3 Rxb4 50. h3 f5 51. Ra2 f4+ 52. Ke2 Kf5 53. Kf1 Rb1+ 54. Ke2 Rb3 55. Ra8 Rb2+ 56. Kf1 Nc4 57. Rf8+ Ke4 0-1

[Event "Asia zt 3.1"]
[Site "Amman"]
[Date "2019.06.22"]
[Round "4"]
[White "Saif, Malek"]
[Black "Abdulwahhab, Ahmed Abdulsattar"]
[Result "1/2-1/2"]
[WhiteElo "1970"]
[BlackElo "2255"]
[PlyCount "89"]
[EventDate "2019.06.19"]
[EventType "swiss"]
[EventRounds "9"]
[EventCountry "JOR"]
[SourceTitle "CBM 191 Extra"]
[Source "ChessBase"]
[SourceDate "2019.09.30"]
[SourceVersion "1"]
[SourceVersionDate "2019.09.30"]
[SourceQuality "1"]

1. e4 c5 2. Nf3 e6 3. d4 cxd4 4. Nxd4 a6 5. Nc3 Qc7 6. a3 Nf6 7. f4 d6 8. Be2 Be7 9. Be3 0-0 10. 0-0 Nc6 11. Qe1 Re8 12. Qg3 Bd7 13. Kh1 Bf8 14. Rad1 Rac8 15. Bd3 g6 16. f5 Bg7 17. fxe6 fxe6 18. Nxc6 Bxc6 19. Qh4 Nd7 20. Rf3 Ne5 21. Rh3 Bh8 22. Be2 Re7 23. Bb6 Qd7 24. Bc5 dxc5 25. Rxd7 Rxd7 26. Nd1 Rf8 27. Ne3 Bf6 28. Qe1 Rd4 29. Nf1 Rxe4 30. Re3 Rf4 31. Ng3 Bd5 32. b3 b5 33. h3 c4 34. Kh2 cxb3 35. cxb3 Bg7 36. Bf1 h5 37. Rxe5 Bxe5 38. Qxe5 h4 39. Nh5 gxh5 40. Qg5+ Kh8 41. Qxh5+ Kg8 42. Qg6+ Kh8 43. Qh6+ Kg8 44. Qg6+ Kh8 45. Qh6+ 1/2-1/2

[Event "Olympiad-43"]
[Site "Batumi"]
[Date "2018.09.27"]
[Round "4.33"]
[White "Nayhebaver, Martin"]
[Black "Abdulwahhab, Ahmed Abdulsattar"]
[Result "1/2-1/2"]
[WhiteElo "2466"]
[BlackElo "2271"]
[PlyCount "142"]
[EventDate "2018.09.24"]
[EventType "team-swiss"]
[EventRounds "11"]
[EventCountry "GEO"]
[SourceTitle "CBM 187"]
[Source "ChessBase"]
[SourceDate "2018.12.11"]
[SourceVersion "1"]
[SourceVersionDate "2018.12.11"]
[SourceQuality "1"]
[WhiteTeam "Slovakia"]
[BlackTeam "Iraq"]
[WhiteTeamCountry "SVK"]
[BlackTeamCountry "IRQ"]

1. e4 c5 2. Nf3 e6 3. d4 cxd4 4. Nxd4 a6 5. Bd3 Nf6 6. 0-0 Qc7 7. Qe2 d6 8. c4 g6 9. Nc3 Bg7 10. Be3 0-0 11. Rac1 b6 12. Rfd1 Bb7 13. f3 Nbd7 14. Qd2 Rfd8 15. Bf1 Rac8 16. b3 Qb8 17. Nde2 Bf8 18. Bf4 Ne5 19. Bg5 Be7 20. Qe1 Ned7 21. Nd4 Re8 22. Qh4 Bd8 23. b4 Nh5 24. Bxd8 Rcxd8 25. Nc2 Bc6 26. Qf2 Ng7 27. Rd2 Nf8 28. Rcd1 Re7 29. c5 bxc5 30. bxc5 Red7 31. cxd6 Rxd6 32. Rxd6 Rxd6 33. Rxd6 Qxd6 34. Bxa6 e5 35. Bc4 Nd7 36. Bd5 Ne6 37. Bxe6 Qxe6 38. Nb4 Qc4 39. Nbd5 Bxd5 40. Nxd5 Qc1+ 41. Qf1 Qb2 42. Qc4 Nb6 43. Qb3 Qc1+ 44. Kf2 Qd2+ 45. Kf1 Qc1+ 46. Ke2 Nxd5 47. exd5 Kg7 48. d6 Qg1 49. Qd1 Qxg2+ 50. Ke3 Qxh2 51. d7 Qf4+ 52. Ke2 Qh2+ 53. Kd3 Qh4 54. Kc3 Qd8 55. Qd6 f6 56. Kd3 h5 57. Ke2 Kf7 58. a4 h4 59. Kf2 f5 60. a5 e4 61. a6 h3 62. a7 Qh4+ 63. Ke3 Qe1+ 64. Kd4 Qd2+ 65. Ke5 Qc3+ 66. Qd4 Qc7+ 67. Qd6 Qc3+ 68. Kd5 Qd3+ 69. Kc5 Qa3+ 70. Kd5 Qd3+ 71. Kc5 Qa3+ 1/2-1/2

[Event "IRQ-ch"]
[Site "Baghdad"]
[Date "2018.07.03"]
[Round "9"]
[White "Noah, AH Al Ali"]
[Black "Abdulwahhab, Ahmed Abdulsattar"]
[Result "0-1"]
[WhiteElo "2288"]
[BlackElo "2290"]
[PlyCount "136"]
[EventDate "2018.06.27"]
[EventType "swiss"]
[EventRounds "11"]
[EventCountry "IRQ"]
[SourceTitle "EXT 2019"]
[Source "ChessBase"]
[SourceDate "2018.10.10"]
[SourceVersion "1"]
[SourceVersionDate "2018.10.10"]
[SourceQuality "1"]

1. e4 c5 2. Bc4 e6 3. Qe2 Nc6 4. Nf3 d6 5. c3 Be7 6. Bb3 Nf6 7. 0-0 0-0 8. d4 e5 9. Rd1 cxd4 10. cxd4 Bg4 11. dxe5 Nxe5 12. Nbd2 Qb6 13. h3 Bh5 14. g4 Nxf3+ 15. Nxf3 Bg6 16. Nh4 Bxe4 17. g5 d5 18. gxf6 Qxf6 19. Ng2 Bf3 20. Qd3 Bxd1 21. Qxd1 Bc5 22. Ne3 d4 23. Nd5 Qc6 24. Qg4 Rad8 25. Nf4 Rd6 26. Bd2 Rf6 27. Rc1 Qd6 28. Kf1 d3 29. Qg5 Bb6 30. Qd5 Qb8 31. Rc4 Rd8 32. Qg5 Rd4 33. Qg4 Rxc4 34. Bxc4 Qd8 35. Nxd3 Rg6 36. Qf3 Qc7 37. Qe4 Qd7 38. Nf4 Rd6 39. Bc3 Bd4 40. Bb4 Rf6 41. Kg2 Bxb2 42. Bd3 g6 43. Be7 Rxf4 44. Qxf4 Qxe7 45. Qb8+ Kg7 46. Qxa7 Qg5+ 47. Kf1 Qc1+ 48. Kg2 Qc6+ 49. f3 Qd5 50. Be4 Qg5+ 51. Kf1 Qg3 52. Qxb7 Qxh3+ 53. Ke2 Qg2+ 54. Kd3 Bc1 55. a4 h5 56. Bd5 Qd2+ 57. Kc4 Qf4+ 58. Kb5 Bd2 59. Qe7 h4 60. a5 h3 61. a6 h2 62. a7 h1Q 63. a8Q Qb1+ 64. Kc6 Qc2+ 65. Kd7 Qcc7+ 66. Ke8 Qxe7+ 67. Kxe7 Qc7+ 68. Ke8 Bg5 0-1

[Event "IRQ-ch"]
[Site "Baghdad"]
[Date "2018.06.30"]
[Round "6"]
[White "Abdulwahhab, Ahmed Abdulsattar"]
[Black "Mohammed, Zozek Salah Mohamme"]
[Result "1-0"]
[WhiteElo "2290"]
[BlackElo "2261"]
[PlyCount "115"]
[EventDate "2018.06.27"]
[EventType "swiss"]
[EventRounds "11"]
[EventCountry "IRQ"]
[SourceTitle "EXT 2019"]
[Source "ChessBase"]
[SourceDate "2018.10.10"]
[SourceVersion "1"]
[SourceVersionDate "2018.10.10"]
[SourceQuality "1"]

1. e4 e6 2. d4 d5 3. Nc3 Nf6 4. e5 Nfd7 5. f4 c5 6. Nf3 Nc6 7. Be3 a6 8. Qd2 b5 9. dxc5 Bxc5 10. Bd3 Qb6 11. Bf2 Bxf2+ 12. Qxf2 Nc5 13. 0-0 b4 14. Ne2 g6 15. Kh1 a5 16. Qe3 Ba6 17. Ng5 h6 18. Nf3 Na4 19. Qxb6 Nxb6 20. Ned4 Nxd4 21. Nxd4 Kd7 22. Kg1 Rhc8 23. Kf2 Na4 24. Rab1 Bc4 25. Ke3 Nb6 26. Ra1 a4 27. g4 Ke7 28. f5 Nd7 29. fxg6 fxg6 30. Kd2 Bxd3 31. cxd3 Rc5 32. Rae1 b3 33. a3 Rac8 34. Re2 Rf8 35. Rxf8 Nxf8 36. Nf3 Rc2+ 37. Kd1 Rxe2 38. Kxe2 Kd7 39. Kd2 Kc6 40. Kc3 Kb5 41. Nd4+ Ka5 42. Nc6+ Kb5 43. Nd8 h5 44. g5 h4 45. Kd4 Kb6 46. Nf7 Nh7 47. Ke3 Kc5 48. d4+ Kb5 49. Nd6+ Kc6 50. Kf4 h3 51. Kg4 Kb6 52. Ne8 Kb5 53. Nc7+ Kc4 54. Nxe6 Kd3 55. Nc5+ Kc2 56. e6 Kxb2 57. e7 Ka1 58. Nd3 1-0

[Event "Baghdad op 6th"]
[Site "Baghdad"]
[Date "2018.03.19"]
[Round "9"]
[White "Abdulwahhab, Ahmed Abdulsattar"]
[Black "Taleb, Salem Hatam"]
[Result "1-0"]
[WhiteElo "2245"]
[BlackElo "2054"]
[PlyCount "109"]
[EventDate "2018.03.14"]
[EventType "swiss"]
[EventRounds "9"]
[EventCountry "IRQ"]
[SourceTitle "CBM 183 Extra"]
[Source "ChessBase"]
[SourceDate "2018.04.19"]
[SourceVersion "1"]
[SourceVersionDate "2018.04.19"]
[SourceQuality "1"]

1. e4 c5 2. Nf3 e6 3. d4 cxd4 4. Nxd4 Nc6 5. Nc3 Qc7 6. Be3 a6 7. Bd3 Nf6 8. 0-0 Ne5 9. h3 Bc5 10. Kh1 d6 11. f4 Ng6 12. Qe1 Bd7 13. f5 Ne5 14. Nb3 Bxe3 15. Qxe3 0-0 16. Rad1 b5 17. Nd4 Qc5 18. Rfe1 Rab8 19. Nf3 Qxe3 20. Rxe3 Nxf3 21. Rxf3 Bc6 22. Re3 Rfd8 23. fxe6 fxe6 24. e5 dxe5 25. Rxe5 Kf7 26. Rde1 Rd6 27. Kg1 h6 28. a3 Rb6 29. Ne2 g5 30. Ng3 Bd5 31. Rf1 Kg7 32. Re2 Bc4 33. Bxc4 bxc4 34. Ref2 Nd7 35. Nh5+ Kh8 36. Rf7 e5 37. Re7 Nf6 38. Rc7 Kg8 39. Nxf6+ Rxf6 40. Rxf6 Rxf6 41. Rxc4 Kf7 42. b4 Kg6 43. a4 Rd6 44. Kf2 h5 45. Ke2 h4 46. b5 axb5 47. axb5 Kf5 48. Rb4 Rd8 49. b6 Ke6 50. b7 Rb8 51. Kd3 Kd5 52. c4+ Kc6 53. Ke4 Kc7 54. Rb5 Kd6 55. Kf5 1-0

[Event "Baghdad op 6th"]
[Site "Baghdad"]
[Date "2018.03.17"]
[Round "7"]
[White "Abdulwahhab, Ahmed Abdulsattar"]
[Black "Lim, Zhuo Ren"]
[Result "1-0"]
[WhiteElo "2245"]
[BlackElo "2186"]
[PlyCount "95"]
[EventDate "2018.03.14"]
[EventType "swiss"]
[EventRounds "9"]
[EventCountry "IRQ"]
[SourceTitle "CBM 183 Extra"]
[Source "ChessBase"]
[SourceDate "2018.04.19"]
[SourceVersion "1"]
[SourceVersionDate "2018.04.19"]
[SourceQuality "1"]

1. e4 c5 2. Nf3 d6 3. d4 cxd4 4. Nxd4 Nf6 5. Nc3 a6 6. Bc4 e6 7. Bb3 Nbd7 8. Bg5 Nc5 9. Qf3 Be7 10. 0-0-0 Nxb3+ 11. axb3 Qa5 12. h4 Bd7 13. Kb1 0-0-0 14. Rhe1 h6 15. Bd2 Qh5 16. Qg3 Qg4 17. Qh2 g5 18. Nf3 gxh4 19. e5 dxe5 20. Nxe5 Qh5 21. Nc4 b6 22. Nxb6+ Kb7 23. Nc4 Bc8 24. f3 Ne8 25. Re5 f5 26. Qg1 Qf7 27. Qb6+ Ka8 28. Rde1 Rxd2 29. Nxd2 Bd6 30. R5e2 Qc7 31. Nc4 Bc5 32. Qxc7 Nxc7 33. Na4 Ba7 34. Nab6+ Bxb6 35. Nxb6+ Kb7 36. Nxc8 Rxc8 37. Rh1 Rg8 38. Rxh4 Rg6 39. c4 Kc6 40. b4 Ne8 41. b3 Nd6 42. Ra2 Kb7 43. Rd4 e5 44. Rd5 Re6 45. Re2 e4 46. fxe4 Nxe4 47. Kc2 Rf6 48. g4 1-0